header

Trial consulting (Record no. 38179)

MARC details
000 -LEADER
fixed length control field 01871nam a22003854a 4500
082 04 - DEWEY DECIMAL CLASSIFICATION NUMBER
Classification number 347.73/75
100 1# - MAIN ENTRY--AUTHOR NAME
Personal name Posey, Amy J.
245 10 - TITLE STATEMENT
Title Trial consulting
260 ## - PUBLICATION, DISTRIBUTION, ETC. (IMPRINT)
Place of publication Oxford ;
-- New York :
Name of publisher Oxford University Press,
Year of publication 2005.
300 ## - PHYSICAL DESCRIPTION
Number of Pages x, 272 p.
490 1# - SERIES STATEMENT
Series statement American Psychology-Law Society series
505 0# - FORMATTED CONTENTS NOTE
Formatted contents note Trial consulting : does it help to achieve the goal of justice? -- Witness preparation -- Change of venue -- Small-group research -- Trial strategies and procedures -- What do we know about jury deliberations and the determinants of jury decisions? -- Jury selection : measures of general bias -- Jury selection : case-specific approaches -- Jury selection : effectiveness and ethics -- What needs to be changed?.
650 #0 - SUBJECT ADDED ENTRY--TOPICAL TERM
Topical Term Trial practice
Topical Term Witnesses
Topical Term Jury selection
Topical Term Consultants
700 1# - ADDED ENTRY--PERSONAL NAME
Personal name Wrightsman, Lawrence S.
856 40 - ELECTRONIC LOCATION AND ACCESS
Uniform Resource Identifier http://site.ebrary.com/lib/rucke/Doc?id=10233765

No items available.

© 2026 Rongo University
Contact us: librarian | system librarian | Rongo university